| 000 | 00683nam a2200241 i 4500 | ||
|---|---|---|---|
| 001 | C2-0111841 | ||
| 003 | PPAK | ||
| 005 | 20180727103617.0 | ||
| 008 | 970629s1991 nyua|||| ||||| | eng d | ||
| 020 | _a0027433617 | ||
| 040 |
_aPPAK _beng _cPPAK _erda |
||
| 082 | 0 | 4 |
_a070.195 _223 |
| 090 | 0 | 0 |
_a070.195 _bHAU _dG |
| 100 | 1 |
_aHauzig, Esther, _eauthor |
|
| 245 | 1 | 0 |
_aOn the air : _bbehind the scenes at a TV newcast |
| 264 | 1 |
_aNew York : _bMacmillan , _c1991 |
|
| 300 |
_a48 pages : _billustrations ; _c21 cm |
||
| 336 |
_2rdacontent _atext |
||
| 337 |
_2rdamedia _aunmediated |
||
| 338 |
_2rdacarrier _avolume |
||
| 650 | 1 | 0 | _aTelevision broadcasting of news |
| 942 |
_ddc _cB |
||
| 999 |
_c27976 _d27976 |
||